[Event "Berlin Lichtenberger op 16th"]
[Site "Berlin"]
[Date "2017.08.27"]
[Round "9"]
[White "Silz, Elisa"]
[Black "Hajou, Mohamad"]
[Result "1/2-1/2"]
[WhiteElo "2023"]
[BlackElo "1789"]
[PlyCount "88"]
[EventDate "2017.08.19"]
[EventType "swiss"]
[EventRounds "9"]
[EventCountry "GER"]
[SourceTitle "CBM 180 Extra"]
[Source "ChessBase"]
[SourceDate "2017.10.06"]
[SourceVersion "1"]
[SourceVersionDate "2017.10.06"]
[SourceQuality "1"]

1. d4 Nf6 2. Nf3 e6 3. c4 c5 4. d5 d6 5. Nc3 Be7 6. e4 exd5 7. cxd5 0-0 8. Be2 Bg4 9. 0-0 Nbd7 10. Nd2 Bxe2 11. Qxe2 Re8 12. Nc4 a6 13. a4 Rb8 14. a5 Bf8 15. f3 Ne5 16. Bg5 Nxc4 17. Qxc4 Be7 18. Bd2 Nd7 19. Na4 Bf6 20. Qc2 Bd4+ 21. Kh1 Qh4 22. Be1 Qh5 23. Bg3 Be5 24. Bxe5 Qxe5 25. Qc3 Qxc3 26. bxc3 b5 27. axb6 Nxb6 28. h3 g6 29. Nxb6 Rxb6 30. Ra5 Kf8 31. Rfa1 Ra8 32. e5 c4 33. R1a4 dxe5 34. Rxc4 Rb5 35. Rxb5 axb5 36. Rc5 Rb8 37. d6 f6 38. Rc7 Rd8 39. Rxh7 Rxd6 40. Rc7 Rb6 41. Kh2 b4 42. cxb4 Rxb4 43. Kg3 e4 44. fxe4 Rxe4 1/2-1/2

[Event "Berlin Lichtenberger op 16th"]
[Site "Berlin"]
[Date "2017.08.26"]
[Round "8"]
[White "Hajou, Mohamad"]
[Black "Buttkus, Andree"]
[Result "0-1"]
[WhiteElo "1789"]
[BlackElo "2031"]
[PlyCount "138"]
[EventDate "2017.08.19"]
[EventType "swiss"]
[EventRounds "9"]
[EventCountry "GER"]
[SourceTitle "CBM 180 Extra"]
[Source "ChessBase"]
[SourceDate "2017.10.06"]
[SourceVersion "1"]
[SourceVersionDate "2017.10.06"]
[SourceQuality "1"]

1. e4 c5 2. Nf3 e6 3. d4 cxd4 4. Nxd4 Nc6 5. Nc3 Qc7 6. g3 Nf6 7. Bg2 a6 8. 0-0 Nxd4 9. Qxd4 Bc5 10. Qd1 h6 11. Re1 d6 12. Be3 0-0 13. Bxc5 Qxc5 14. Qe2 Rb8 15. Rad1 b5 16. e5 dxe5 17. Qxe5 Qxe5 18. Rxe5 Bb7 19. Bxb7 Rxb7 20. Rd6 Rc8 21. Rxa6 b4 22. Nb5 Rxc2 23. Nd6 Rd7 24. b3 Rxf2 25. Kxf2 Ng4+ 26. Ke2 Nxe5 27. Nc4 Nd3 28. a3 bxa3 29. Rxa3 Nc1+ 30. Ke3 Rd3+ 31. Ke4 Rxb3 32. Ra8+ Kh7 33. Nd6 f6 34. Ra7 Rb4+ 35. Kf3 Rb8 36. Re7 Nb3 37. Ne8 Nd4+ 38. Kg2 Nf5 39. Rxe6 h5 40. Re2 Rc8 41. h3 Rc3 42. g4 hxg4 43. hxg4 Rg3+ 44. Kh2 Rxg4 45. Rf2 Kg6 46. Rg2 Rxg2+ 47. Kxg2 Kf7 48. Nc7 g5 49. Kf3 Ne7 50. Kg4 Kg6 51. Ne6 f5+ 52. Kg3 Kf6 53. Nf8 Nd5 54. Nh7+ Kg6 55. Nf8+ Kh5 56. Ne6 Nf6 57. Ng7+ Kg6 58. Ne6 Nh5+ 59. Kh3 Nf4+ 60. Nxf4+ gxf4 61. Kg2 Kh5 62. Kf2 Kg4 63. Kg2 f3+ 64. Kf2 Kf4 65. Kf1 Ke3 66. Ke1 f2+ 67. Kf1 f4 68. Kg2 Ke2 69. Kh2 f3 0-1

[Event "Berlin Lichtenberger op 16th"]
[Site "Berlin"]
[Date "2017.08.19"]
[Round "1"]
[White "Hajou, Mohamad"]
[Black "Florstedt, Johannes"]
[Result "0-1"]
[WhiteElo "1789"]
[BlackElo "2232"]
[PlyCount "77"]
[EventDate "2017.08.19"]
[EventType "swiss"]
[EventRounds "9"]
[EventCountry "GER"]
[SourceTitle "CBM 180 Extra"]
[Source "ChessBase"]
[SourceDate "2017.10.06"]
[SourceVersion "1"]
[SourceVersionDate "2017.10.06"]
[SourceQuality "1"]

1. e4 e6 2. d4 d5 3. exd5 exd5 4. Nf3 Bd6 5. Be2 Nc6 6. c4 dxc4 7. Nc3 Na5 8. Bxc4 Nxc4 9. Qa4+ c6 10. Qxc4 Be6 11. Qe2 Ne7 12. Ng5 Bf5 13. 0-0 0-0 14. Nce4 Bc7 15. Nf3 Re8 16. Ng3 Nd5 17. Qd1 Bg4 18. h3 Bd7 19. Bg5 f6 20. Bd2 Qe7 21. Qc2 Qf7 22. Rfe1 Qg6 23. Qxg6 hxg6 24. Ne4 b6 25. Rac1 g5 26. a3 a5 27. Nc3 Nf4 28. Bxf4 gxf4 29. d5 Rxe1+ 30. Rxe1 Kf7 31. dxc6 Bxc6 32. Nd4 Bb7 33. Ncb5 Be5 34. Nf5 Rd8 35. Rxe5 fxe5 36. Nfd6+ Ke7 37. Nxb7 Rd1+ 38. Kh2 f3 39. a4 0-1